000 00401 a2200121 4500
001 ART_14884
005 20260410161614.0
008 260409a
245 1 0 _aLos seis errores que cometen los ejecutivos en la gestión del riesgo
100 1 _aTaleb, Nassim N.
700 1 _aGoldstein, Daniel G.
773 0 _tHarvard Business Review
_gRiesgo - Vol. 87. Nº 10 (oct. 2009)
_wREV340
999 _c10935
_d10935